Surveying (Record no. 9873)

000 -LEADER
fixed length control field 00500nam a22001937a 4500
001 - CONTROL NUMBER
control field 9873
003 - CONTROL NUMBER IDENTIFIER
control field BD-DhUET
008 - FIXED-LENGTH DATA ELEMENTS--GENERAL INFORMATION
fixed length control field 150203b xxu||||| |||| 00| 0 eng d
040 ## - CATALOGING SOURCE
Transcribing agency DLC
Modifying agency BD-DhUET
082 ## - DEWEY DECIMAL CLASSIFICATION NUMBER
Classification number 526.9
Item number KIS/1956
100 ## - MAIN ENTRY--PERSONAL NAME
Personal name Kissiam, Philip
245 ## - TITLE STATEMENT
Title Surveying
Remainder of title instruments and methods for surveys of limited extent
250 ## - EDITION STATEMENT
Edition statement 2nd ed.
260 ## - PUBLICATION, DISTRIBUTION, ETC. (IMPRINT)
Place of publication, distribution, etc. New York
Name of publisher, distributor, etc. McGraw-Hill
Date of publication, distribution, etc. 1956
300 ## - PHYSICAL DESCRIPTION
Extent viii,475p.
504 ## - BIBLIOGRAPHY, ETC. NOTE
Bibliography, etc Includes bibliographies
650 #0 - SUBJECT ADDED ENTRY--TOPICAL TERM
Topical term or geographic name as entry element Surveying
942 ## - ADDED ENTRY ELEMENTS (KOHA)
Koha item type General Book
Holdings
Lost status Shelving location Location (home branch) Date acquired Source of classification or shelving scheme Koha date last seen Copy number Koha item type Price effective from Piece designation (barcode) Damaged status Withdrawn status Koha normalized classification for sorting Sublocation or collection (holding branch) Koha full call number Not for loan
 Circulation sectionCentral Library, BUET2015-02-03 2015-02-031General Book2015-02-0361113  526_900000000000000_KIS_1956Central Library, BUET526.9/KIS/1956 
 Circulation sectionCentral Library, BUET2015-03-07 2015-03-072General Book2015-03-0715497  526_900000000000000_KIS_1956Central Library, BUET526.9/KIS/1956